| 000 | 00800nam a2200253 a 4500 | ||
|---|---|---|---|
| 001 | BRCA_6289 | ||
| 005 | 20190320205411.0 | ||
| 008 | 030811s1924----gw-abc####---#000-0#ger-# | ||
| 041 | _ager | ||
| 044 | _agw | ||
| 050 | 4 |
_aDS785 _b.O88 1924 |
|
| 100 | 1 |
_aOssendowski, Ferdynand Antoni _d1878-1945 _915774 |
|
| 245 | 1 | 0 |
_aTiere Menschen und Götter = Beasts men and gods _cvon Ferdinand Ossendowski. |
| 260 |
_aFrankfurt, Alemania _bFrankfurther Societaets-Druckerei _c1924 |
||
| 300 |
_a369 p. _bil., mapas _c22 cm. |
||
| 500 | _aIncluye índice de nombres | ||
| 500 | _aK153 | ||
| 546 | _aTexto en: alemán e inglés | ||
| 651 | 4 |
_aTibet _xDescripción y viajes _915775 |
|
| 651 | 4 |
_aMongolia _xDescripción y viajes _915776 |
|
| 740 | 0 | _aBeasts men and gods | |
| 902 | _aGFM | ||
| 942 |
_2lcc _cB |
||
| 999 |
_c5976 _d5976 |
||